000 00396nam a2200121 4500
999 _c13749
_d13749
008 190403b ||||| |||| 00| 0 eng d
100 _938218
_aVelasco, Myrna M.
245 _aAboitiz power opts for 'digital twins' on all major power plants/
_cMyrna M. Velasco
260 _aPhilippines:
_bManila Bulletin;
_cc2018.
300 _apage B-9.
650 0 _938219
_aEnergy resources.
942 _2ddc
_cPER